<?xml version="1.0" encoding="UTF-8"?>
<record
    xmlns:xsi="http://www.w3.org/2001/XMLSchema-instance"
    xsi:schemaLocation="http://www.loc.gov/MARC21/slim http://www.loc.gov/standards/marcxml/schema/MARC21slim.xsd"
    xmlns="http://www.loc.gov/MARC21/slim">

  <leader>00526nam a22001937a 4500</leader>
  <controlfield tag="003">KOHA_M&#x130;RAKIL</controlfield>
  <controlfield tag="005">20250417135842.0</controlfield>
  <controlfield tag="008">250417b        tu ||||| |||| 00| 0 tur d</controlfield>
  <datafield tag="020" ind1=" " ind2=" ">
    <subfield code="a">9789753854474</subfield>
  </datafield>
  <datafield tag="040" ind1=" " ind2=" ">
    <subfield code="a">TR-AnABB</subfield>
    <subfield code="b">tur</subfield>
    <subfield code="c">TR-AnABB</subfield>
  </datafield>
  <datafield tag="041" ind1=" " ind2=" ">
    <subfield code="a">tur</subfield>
  </datafield>
  <datafield tag="082" ind1=" " ind2=" ">
    <subfield code="a">150.1952</subfield>
    <subfield code="b">FRE 2018</subfield>
  </datafield>
  <datafield tag="100" ind1="1" ind2=" ">
    <subfield code="a">Freud, Sigmund,</subfield>
  </datafield>
  <datafield tag="245" ind1="1" ind2="0">
    <subfield code="a">G&#xFC;nl&#xFC;k ya&#x15F;am&#x131;n psikopatolojisi /</subfield>
    <subfield code="c">Freud</subfield>
  </datafield>
  <datafield tag="260" ind1=" " ind2=" ">
    <subfield code="a">&#x130;stanbul :</subfield>
    <subfield code="b">Oda Yay&#x131;nlar&#x131;,</subfield>
    <subfield code="c">2018</subfield>
  </datafield>
  <datafield tag="300" ind1=" " ind2=" ">
    <subfield code="a">327 sayfa ;</subfield>
    <subfield code="c">19 cm</subfield>
  </datafield>
  <datafield tag="650" ind1="0" ind2="0">
    <subfield code="a">Psikoloji</subfield>
  </datafield>
  <datafield tag="942" ind1=" " ind2=" ">
    <subfield code="2">ddc</subfield>
    <subfield code="c">BK</subfield>
  </datafield>
  <datafield tag="952" ind1=" " ind2=" ">
    <subfield code="0">0</subfield>
    <subfield code="1">0</subfield>
    <subfield code="2">ddc</subfield>
    <subfield code="7">0</subfield>
    <subfield code="a">BAT</subfield>
    <subfield code="b">BAT</subfield>
    <subfield code="d">2025-04-17</subfield>
    <subfield code="l">0</subfield>
    <subfield code="o">150.1952 FRE 2018</subfield>
    <subfield code="p">ABB124121</subfield>
    <subfield code="r">2025-04-17 13:58:56</subfield>
    <subfield code="w">2025-04-17</subfield>
    <subfield code="y">BK</subfield>
  </datafield>
  <datafield tag="952" ind1=" " ind2=" ">
    <subfield code="0">0</subfield>
    <subfield code="1">0</subfield>
    <subfield code="2">ddc</subfield>
    <subfield code="7">0</subfield>
    <subfield code="a">BAT</subfield>
    <subfield code="b">BAT</subfield>
    <subfield code="d">2025-10-30</subfield>
    <subfield code="l">0</subfield>
    <subfield code="o">150.1952 FRE 2018</subfield>
    <subfield code="p">ABB124963</subfield>
    <subfield code="r">2025-10-30 14:18:22</subfield>
    <subfield code="w">2025-10-30</subfield>
    <subfield code="y">BK</subfield>
  </datafield>
  <datafield tag="999" ind1=" " ind2=" ">
    <subfield code="c">8744</subfield>
    <subfield code="d">8744</subfield>
  </datafield>
  <datafield tag="900" ind1=" " ind2=" ">
    <subfield code="b">Gizem YORULMAZ</subfield>
  </datafield>
</record>
